<?xml version="1.0" encoding="UTF-8"?>
<record
    xmlns:xsi="http://www.w3.org/2001/XMLSchema-instance"
    xsi:schemaLocation="http://www.loc.gov/MARC21/slim http://www.loc.gov/standards/marcxml/schema/MARC21slim.xsd"
    xmlns="http://www.loc.gov/MARC21/slim">

  <leader>00614nam a22002057a 4500</leader>
  <controlfield tag="003">OSt</controlfield>
  <controlfield tag="005">20230929163335.0</controlfield>
  <controlfield tag="008">230803b        |||||||| |||| 00| 0 eng d</controlfield>
  <datafield tag="020" ind1=" " ind2=" ">
    <subfield code="a">9789352862474</subfield>
  </datafield>
  <datafield tag="082" ind1=" " ind2=" ">
    <subfield code="a">657</subfield>
    <subfield code="b">H78I</subfield>
  </datafield>
  <datafield tag="100" ind1=" " ind2=" ">
    <subfield code="a">Horngren, Charles T.</subfield>
  </datafield>
  <datafield tag="245" ind1=" " ind2=" ">
    <subfield code="a">Introduction to financial accounting</subfield>
    <subfield code="c">by Charles T. Horngren...[et.al.]</subfield>
  </datafield>
  <datafield tag="250" ind1=" " ind2=" ">
    <subfield code="a">11th ed.</subfield>
  </datafield>
  <datafield tag="260" ind1=" " ind2=" ">
    <subfield code="a">Noida, U.P.</subfield>
    <subfield code="b">Pearson India Education Service Pvt. Ltd </subfield>
    <subfield code="c">2023</subfield>
  </datafield>
  <datafield tag="300" ind1=" " ind2=" ">
    <subfield code="a">601 p. + v.p.</subfield>
    <subfield code="b">PB</subfield>
  </datafield>
  <datafield tag="653" ind1=" " ind2=" ">
    <subfield code="a">Accounting; Finance</subfield>
  </datafield>
  <datafield tag="700" ind1=" " ind2=" ">
    <subfield code="e">Author</subfield>
    <subfield code="a">Elliott, John A.</subfield>
  </datafield>
  <datafield tag="710" ind1=" " ind2=" ">
    <subfield code="e">Author</subfield>
    <subfield code="a">Donna R. Philbrick</subfield>
  </datafield>
  <datafield tag="942" ind1=" " ind2=" ">
    <subfield code="2">ddc</subfield>
    <subfield code="c">BK</subfield>
  </datafield>
  <datafield tag="999" ind1=" " ind2=" ">
    <subfield code="c">26518</subfield>
    <subfield code="d">26518</subfield>
  </datafield>
  <datafield tag="952" ind1=" " ind2=" ">
    <subfield code="0">0</subfield>
    <subfield code="1">0</subfield>
    <subfield code="4">0</subfield>
    <subfield code="7">0</subfield>
    <subfield code="8">TXB</subfield>
    <subfield code="a">CURAJ</subfield>
    <subfield code="b">CURAJ</subfield>
    <subfield code="d">2023-08-03</subfield>
    <subfield code="e">MGM</subfield>
    <subfield code="l">0</subfield>
    <subfield code="o">657 H78I</subfield>
    <subfield code="p">40210</subfield>
    <subfield code="r">2023-08-03</subfield>
    <subfield code="w">2023-08-03</subfield>
    <subfield code="y">BK</subfield>
  </datafield>
  <datafield tag="952" ind1=" " ind2=" ">
    <subfield code="0">0</subfield>
    <subfield code="1">0</subfield>
    <subfield code="4">0</subfield>
    <subfield code="7">0</subfield>
    <subfield code="8">TXB</subfield>
    <subfield code="a">CURAJ</subfield>
    <subfield code="b">CURAJ</subfield>
    <subfield code="d">2023-08-03</subfield>
    <subfield code="e">MGM</subfield>
    <subfield code="l">0</subfield>
    <subfield code="o">657 H78I</subfield>
    <subfield code="p">40209</subfield>
    <subfield code="r">2023-08-03</subfield>
    <subfield code="w">2023-08-03</subfield>
    <subfield code="y">BK</subfield>
  </datafield>
  <datafield tag="952" ind1=" " ind2=" ">
    <subfield code="0">0</subfield>
    <subfield code="1">0</subfield>
    <subfield code="4">0</subfield>
    <subfield code="7">0</subfield>
    <subfield code="8">TXB</subfield>
    <subfield code="a">CURAJ</subfield>
    <subfield code="b">CURAJ</subfield>
    <subfield code="d">2023-09-29</subfield>
    <subfield code="e">MGM</subfield>
    <subfield code="g">980.00</subfield>
    <subfield code="l">0</subfield>
    <subfield code="o">657 H78I</subfield>
    <subfield code="p">42546</subfield>
    <subfield code="r">2023-09-29</subfield>
    <subfield code="w">2023-09-29</subfield>
    <subfield code="y">BK</subfield>
  </datafield>
  <datafield tag="952" ind1=" " ind2=" ">
    <subfield code="0">0</subfield>
    <subfield code="1">0</subfield>
    <subfield code="4">0</subfield>
    <subfield code="7">0</subfield>
    <subfield code="8">TXB</subfield>
    <subfield code="a">CURAJ</subfield>
    <subfield code="b">CURAJ</subfield>
    <subfield code="d">2023-09-29</subfield>
    <subfield code="e">MGM</subfield>
    <subfield code="g">980.00</subfield>
    <subfield code="l">0</subfield>
    <subfield code="o">657 H78I</subfield>
    <subfield code="p">42545</subfield>
    <subfield code="r">2023-09-29</subfield>
    <subfield code="w">2023-09-29</subfield>
    <subfield code="y">BK</subfield>
  </datafield>
</record>
